Encuentro de promoción comunitaria : material práctico para su realización / [por] Jesús Andrés Vela [y] Julián Ibáñez G.

Guardado en:
Bibliografiske detaljer
Hovedforfatter: Vela, Jesús Andrés (autor)
Andre forfattere: I. Ibáñez, Julián G., coaut. (autor) (autor)
Format: Bog
Serier:Col. "Iglesia Nueva" (1)
Fag:
Tags: Tilføj Tag
Ingen Tags, Vær først til at tagge denne postø!

MARC

LEADER 00000nam^a2200000^u^4500
001 000543999
005 20250521000000.0
008 060220s1000^^^^^^^^^^^^r^^^^^000^0^spa^d
009 20260310131318.522
035 |a FMI 000013060 
037 |a Acervo Xavier Clavigero 
096 |a 5.9.2/20/C 
100 |a Vela, Jesús Andrés  |e (autor) 
245 1 0 |a Encuentro de promoción comunitaria : material práctico para su realización / [por] Jesús Andrés Vela [y] Julián Ibáñez G. 
264 |a Bogotá : Indo-American Press Service, 1969 
300 |a 152 p. 
336 |a texto  |b txt  |2 rdacontenido 
337 |a sin mediación  |b n  |2 rdamedio 
338 |a volumen  |b nc  |2 rdasoporte 
440 0 |a Col. "Iglesia Nueva" (1) 
649 |a XX 
650 |a CATEQUETICA 
700 |a I. Ibáñez, Julián G., coaut.  |e (autor) 
910 |a Fondo Francisco Migoya Covarrubias S.J. 
920 |a Impresos - Libros 
930 |a Fondos Especiales 
905 |a 134 
901 |a SBC02453  |b IT2  |c ESP  |u 20250521 
902 |a https://opac.biblio.iteso.mx/vufind/Record/000543999